[Event "Biel 53rd"]
[Site "Biel"]
[Date "2020.07.24"]
[Round "4"]
[White "Studer, Noel"]
[Black "Anton Guijarro, David"]
[Result "1-0"]
[WhiteElo "2580"]
[BlackElo "2703"]
[Annotator "Studer,Noel "]
[PlyCount "63"]
[EventDate "2020.07.21"]
[EventType "tourn"]
[EventRounds "7"]
[EventCountry "SUI"]
[EventCategory "17"]
[SourceTitle "CBM 197"]
[Source "ChessBase"]
[SourceDate "2020.07.27"]
[SourceVersion "1"]
[SourceVersionDate "2020.07.27"]
[SourceQuality "1"]

{[%evp 0,63,26,20,34,-29,45,57,75,58,69,64,64,76,72,74,72,48,48,69,43,62,77,45,
56,20,40,-5,73,34,12,12,45,35,46,25,3,16,16,-11,21,-57,17,54,133,125,142,24,6,
36,12,23,26,33,51,51,56,52,122,211,275,172,427,402,451,100] In a very
difficult tournament with many missed chances, one game was special for me
which I am now happy to analyse. In einem sehr schwierigen Turnier mit vielen
verpassten Chancen sticht bei mir eine Partie heraus, die ich nun gerne
analysieren werde.} 1. d4 Nf6 2. c4 g6 {was already a big surprise. David had
never played the Grünfeld before, and thus I wasn't expecting it at all. war
bereits eine grosse Überraschung. David hatte zuvor noch nie Grünfeld
gespielt und somit habe ich überhaupt nicht damit gerechnet.} 3. Nc3 d5 4.
cxd5 Nxd5 5. e4 Nxc3 6. bxc3 Bg7 7. Bc4 c5 8. Ne2 Nc6 9. Be3 O-O 10. O-O {
This is the main position of the 7.Bc4 line. In the Magnus Carlsen Chess Tour
mainly 10...Bg4 was discussed here, but before, the game move was the main
line for Black. Theory enthusiasts can also analyse other logical moves like
Qc7, cxd4, e6 or Na5. Das ist die Hauptstellung der 7.Lc4 Variante. In der
Magnus-Carlsen-Chess-Tour wurde hier vor allem 10...Lg4 diskutiert, zuvor war
aber der Partiezug die Hauptvariante für Schwarz. Theoriefüchse können auch
weitere logische Züge wie Dc7, cxd4, e6 oder Sa5 analysieren.} b6 (10... Bg4
11. f3 Na5 (11... Bd7 {now was played by Nepomniachtchi. In my opinion, the
resulting positions are much easier to play with white. wurde nun von
Nepomniachtchi gespielt. Die entstehenden Stellungen spielen sich meiner
Ansicht nach wesentlich einfacher mit Weiss.} 12. Rb1 Qc7 13. Qd2 Rfd8 14. Rfc1
Be8 15. h4 $5 $14 {The typical AlphaZero manoevure, making Black's king feel
somewhat unsafe indeed. ½-½ (40) Giri,A (2764)-Nepomniachtchi,I (2784)
chess24.com INT 2020 Das typische AlphaZero-Manöver, das den schwarzen König
doch etwas unsicher fühlen lässt. ½-½ (40) Giri,A (2764)-Nepomniachtchi,I 
(2784) chess24.com INT 2020}) 12. Bxf7+ Rxf7 13. fxg4 Rxf1+ 14. Kxf1 Qd6 15. e5
Qd5 16. Ng1 $1 $14 {and soon after Giri reached a dream position vs. the world
champion: ½-½ (70) Giri,A (2764)-Carlsen,M (2863) chess24.com INT 2020. und
Giri erreichte wenig später eine Traumstellung gegen den Weltmeister: ½-½ 
(70) Giri,A (2764)-Carlsen,M (2863) chess24.com INT 2020}) 11. Rc1 Bb7 12. Bb5
$5 {Again following Anish Giri's tracks. Wiederum auf den Spuren von Anish
Giri.} Na5 $5 {Was a new move to me. Assuming that this move should not be
quite sufficient to equalize, I only calculated the two most principal attemps:
d5 & dxc5. War für mich ein neuer Zug. In der Annahme, dass dieser Zug nicht
ganz ausgleichen sollte, berechnete ich nur die beiden prinzipiellsten
Versuche: d5 & dxc5.} (12... cxd4 $6 {This was played against me in online
blitz (Titled Tuesday), but it is simply bad. Recently, they have started to
include these games in the database. However, it's never easy to assess how
seriously the openings of online blitz games are to be taken. Das wurde gegen
mich im Online Blitz (Titled Tuesday) gespielt, ist aber einfach schlecht.
Neuerdings werden diese Partien auch in die Datenbank aufgenommen. Es ist aber
nie einfach einzuschätzen, wie ernst man die Eröffnungen der Online
Blitzpartien nehmen soll.} 13. cxd4 Rc8 14. Qa4 $1 {The improvement upon
another Giri game. Die Verbesserung gegenüber einer weiteren Giri-Partie.} (
14. Qd2 {transposes the the lines with 12..Rc8, but does not exploit the
imprecision. geht über zu den Abspielen mit 12...Tc8, nutzt die Ungenauigkeit
aber nicht aus.} e6 15. Rfd1 Na5 16. Rxc8 Qxc8 17. Bg5 $5 {White is playing
for the d-pawn. Weiss spielt auf den d-Bauern.} Qc7 18. d5 exd5 19. exd5 Qc5
20. Qd3 Qd6 21. h4 $1 $16 {Die Kombination vom d-Freibauern und einem
Königsflügel-Angriff ist sehr unangenehm für Schwarz. The combination of
the d-passer and a kingside attack is very unpleasant for Black.} (21. Bf4 {
was not quite as precise: war nicht ganz so genau:} Be5 22. Bxe5 Qxe5 23. d6
$132 {0-1 (33) Giri,A (2764)-Ding,L (2791) chess24.com INT 2020 0-1 (33) Giri,
A (2764)-Ding,L (2791) chess24.com INT 2020})) 14... Na5 15. d5 $1 $16 {
The knight on a5 is totally out of the game, and White already has a huge
advantage: 1-0 (32) Studer,N (2580)-Antipov,M (2584) chess.com INT 2020. Der
Springer auf a5 ist total aus dem Spiel und Weiss hat bereits riesigen Vorteil:
1-0 (32) Studer,N (2580)-Antipov,M (2584) chess.com INT 2020.}) (12... Rc8 {
is the main line. ist die Hauptvariante.} 13. Qd2 e6 14. Rfd1 cxd4 15. cxd4 $36
{transposing to the Giri game mentioned on 12...cxd4. mit Übergang zur bei 12.
..cxd4 erwähnten Giri Partie}) 13. d5 (13. dxc5 {My main line here went as
follows: Meine Hauptvariante lief hier wie folgt:} Qxd1 14. Rfxd1 Bxe4 15. cxb6
axb6 16. Bxb6 Rfb8 17. Bxa5 Rxb5 18. Bb4 Rb7 $44 {The bishop pair and the
white pawn weaknesses on the queenside give Black excellent compensation for
the sacrificed pawn. Das Läuferpaar und die weissen Bauernschwächen am
Damenflügel geben Schwarz ausgezeichnete Kompensation für den geopferten
Bauern.}) 13... c4 $6 {Expected by me, but it's simply too slow. Following Nd4,
White's centre is difficult to attack, and Black's bishops are not effective,
with the knight on a5 again being the main problem. Hatte ich erwartet, ist
aber schlicht zu langsam. Das weisse Zentrum kann nach Sd4 nur noch schwer
angegriffen werden und die schwarzen Läufer kommen nicht zur Geltung, wobei
der Springer auf a5 wiederum das Hauptproblem darstellt.} (13... e6 $1 {
Only very concrete means can do the job. Es geht nur mit ganz konkreten
Mitteln.} 14. c4 a6 15. Ba4 exd5 16. cxd5 $5 {The ambitious try. Der
ambitioniertere Versuch.} (16. exd5 {This will soon end in a handshake. Das
wird bald in einem Handshake enden.} b5 $1 17. cxb5 axb5 18. Bxb5 Qxd5 19. Qxd5
Bxd5 20. Bxc5 Rfc8 {White can't really protect or move the pawn a2 since the
bishop on c5 is tactically hanging. Weiss kann den Bauern a2 nicht richtig
decken oder ziehen, da der Läufer auf c5 taktisch hängt.} 21. Bd4 (21. Rc2 $2
Nb7 $19) (21. a4 $2 Nb3 $19) 21... Bxa2 $11) 16... f5 $5 17. Nf4 fxe4 18. Ne6
Qxd5 19. Nxf8 Rxf8 $44 {Black has good compensation for the sacrificed
exchange. The engines prefer White, but in a practical game this position can
go either way. Schwarz hat gute Kompensation für die geopferte Qualität. Die
Engines bevorzugen Weiss, aber in einer praktischen Partie kann diese Stellung
auf beide Seiten kippen.}) 14. Nd4 $1 a6 {Another imprecision. On c2 the
bishop is much better placed than on b5. Eine weitere Ungenauigkeit. Der
Läufer steht auf c2 wesentlich besser als auf b5.} (14... Qd6 15. Qe2 e6 {
was the right way, but also here White has a nice choice of better positions.
Simplest is: war der richtige Weg, aber auch hier hat Weiss eine schöne
Auswahl an besseren Stellungen. Am einfachsten ist:} 16. dxe6 fxe6 17. Bxc4
Nxc4 18. Qxc4 Bxe4 19. Qxe6+ Qxe6 20. Nxe6 Rf7 21. Nxg7 Kxg7 22. Rfe1 $16 {
Only without the rook pairs the different coloured bishops make the endgame
drawish, and thus White has very good winning chances here without any risks.
Die ungleichfarbigen Läufer machen das Endspiel erst ohne Turmpaare remislich
und somit hat hier Weiss sehr gute Gewinnchancen ohne irgendwelche Risiken.})
15. Ba4 b5 16. Bc2 Qd7 17. h4 $1 {Anticipating e6, and Black's position on the
kingside is incredibly weak. Antizipiert e6 und die schwarze Stellung am
Königsflügel ist unglaublich schwach.} e6 {Was sonst? Was sonst?} (17... h5
$6 {weakens the position even more. schwächt die eigene Stellung noch mehr.}
18. f4 $1 $18 {and following f5 Black's position will fall apart. und nach f5
wird die schwarze Stellung auseinanderfallen.}) 18. dxe6 fxe6 19. Qg4 Rae8 (
19... Nc6 {Born out of necessity, the engine suggests this move. However,
Black faces a very difficult defensive task: Aus lauter Not schlägt die
Engine diesen Zug vor. Schwarz steht aber vor einer sehr schwierigen
Verteidigungsaufgabe:} 20. Qxe6+ Rf7 21. Qxd7 Rxd7 22. Ne2 $16) 20. e5 $5 {
The idea was correct, but the way of executing it not quite precise. Die Idee
war korrekt, die Ausführung aber nicht ganz so genau.} (20. f4 $1 {Since the
e6 pawn cannot be moved, this way I get the desired position with e5/f4, but
without allowing the additional option Bxe5. Da der e6-Bauer nicht bewegt
werden kann, erhalte ich so die gewünschte Stellung mit e5/f4, aber ohne die
zusätzliche Möglichkeit Lxe5 zu geben.}) 20... Bxe5 {Black's only chance.
Die einzige schwarze Chance.} (20... Nc6 21. f4 Nxd4 22. Bxd4 $18 {[%cal Gh4h5,
Gc1d1] is practically hopeless. White has no plus material, but will break
through on the kingside and via the d-file. ist praktisch hoffnungslos. Weiss
hat kein Mehrmaterial, wird aber am Königsflügel und über die d-Linie
durchbrechen.}) 21. h5 Bxd4 22. Bxd4 Nc6 23. Rcd1 $1 {With the rooks arriving,
Black's king will be without a chance. Mit der Ankunft der Türme ist der
schwarze König chancenlos.} (23. Bxg6 $2 {shortly looked like an immediate
win, but Black has a super defensive resource: sah kurz nach sofortigem Sieg
aus, aber Schwarz hat eine super Verteidigungsressource:} Nxd4 $1 24. Bxe8+ Qg7
$1 25. Qxg7+ Kxg7 26. cxd4 Rxe8 $132 {This endgame is completely unclear,
since the bishop on d5 in connection with the queenside pawns can very well
compensate for a rook. Dieses Endspiel ist total unklar, da der Läufer auf d5
in Verbindung mit den Damenflügelbauern einen Turm sehr gut kompensieren kann.
}) 23... Nxd4 24. Rxd4 Qg7 25. hxg6 hxg6 26. Bxg6 Re7 27. Re1 {Here there were
various concrete ways, however, there is no reason not to include the last
piece into the game. Hier gab es verschiedenste konkrete Wege, es gibt aber
keinen Grund, nicht auch noch die letzte Figur ins Spiel zu bringen.} (27. Qh5
Qh8 $5 28. Qg5 Qf6 {looked unclear, but here there is a very beautiful motif
which I didn't see during the game: sah unklar aus, hier gibt es aber ein sehr
schönes Motiv, welches ich während der Partie nicht sah:} 29. Bf7+ $1 Kxf7
30. Rf4 $18) 27... Bd5 28. Qg3 Rf6 29. Rg4 Qf8 30. Re5 Rg7 31. Rh5 Qe7 32. Rh6
{and Black is powerless against the doubling of rooks along the h-file,
followed by checkmate. und Schwarz ist machtlos gegen die Verdoppelung auf der
h-Linie gefolgt von Matt.} 1-0